000 00316 a2200157 4500
001 62095
020 _a
040 _cAnchieta - Pituba
100 _aCalmon, Pedro
240 1 0 _aHIstória do Brasil
_lpor
245 1 0 _aHIstória do Brasil
300 _a1508
362 0 _a1971
650 4 _aBrasil
942 _cBK
999 _c62095
_d62095